|
|
|
|
| LEADER |
00863pam a22002298a 4500 |
| 001 |
00024547 |
| 005 |
20171026081022.0 |
| 008 |
110721s1985 ||||||Viesd |
| 041 |
# |
# |
|a Vie
|
| 082 |
# |
# |
|a 335.411
|b TR308H
|
| 110 |
# |
# |
|a Vụ Huấn Học
|b Ban tuyên huấn trung ương
|
| 245 |
# |
# |
|a Triết học Mác - Lênin
|b Chương trình sơ cấp
|c Bộ đại học và trung học chuyên nghiệp, vụ Mác - Lênin
|
| 260 |
# |
# |
|a H.
|b Sách giáo khoa Mác-Lê-Nin
|c 1985
|
| 300 |
# |
# |
|a 74tr.
|c 19 cm.
|
| 650 |
# |
# |
|a Triết học
|
| 653 |
# |
# |
|a Triết học Mac - Lênin
|a Giáo trình
|
| 710 |
1 |
|
|a Ban tuyên huấn trung ương
|
| 852 |
# |
# |
|b Kho đọc
|j KD.0010238
|
| 852 |
# |
# |
|j KD.0010238
|
| 910 |
|
|
|d 21/07/2011
|
| 980 |
# |
# |
|a Trung tâm Học liệu Lê Vũ Hùng, Trường Đại học Đồng Tháp
|